| 000 | 00466nam a2200169Ia 4500 | ||
|---|---|---|---|
| 008 | 230917s9999||||xx |||||||||||||| ||und|| | ||
| 020 | _cRS 400.00 | ||
| 040 |
_e5008602 _aMAIN |
||
| 041 | _aEnglish | ||
| 082 | _a641.57 D851K | ||
| 100 | _aDubey, Krishan Gopal | ||
| 245 | 0 | _aKhansaama: Prarambhik kaushal vikas | |
| 260 |
_aNew Delhi _bAman Publications _c2019 |
||
| 300 | _axii, 191 p. | ||
| 500 | _a4501 25/01/2022 IF22/1070 27/01/2022 IHTM (SFS) | ||
| 942 | _cBK | ||
| 999 |
_c5194 _d5194 |
||